000 00621nam a2200193Ii 4500
003 JO-AjNU
008 230605s9999||||xx |||||||||||||| ||und||
040 _aJO-AjNU
_bara
_erda
_cJO-AjNU
041 _aara
050 1 4 _aQA76.5 1970
100 3 _aكيميني ، جون ج,
_eauthor
_913341
245 0 0 _aالانسان والحاسب الالكتروني
264 3 1 _aكندا:مكتبة الوعي العربي ، 1970
300 _a122ص
336 _atext
_btxt
_2rdacontent
337 _aunmediated
_bn
_2rdamedia
338 _avolume
_bnc
_2rdacarrier
650 4 _aالحاسبات الالكترونية
_913342
999 _aA3297
_c6865
_d6865